[Event "Terme Krka OPEN 2018"]
[Site "Otočec, Slovenia"]
[Date "2018.12.25"]
[Round "3.4"]
[White "Olenik Campa, Rudi"]
[Black "Solmajer, Luka"]
[Result "0-1"]
[WhiteElo "1825"]
[BlackElo "2045"]

1. e4 {[%clk 01:30:58]} {[%emt 00:00:18]} c5 {[%clk 01:30:57]} 2. Nf3 {[%clk
01:31:21]} Nc6 {[%clk 01:31:23]} 3. Bb5 {[%clk 01:31:24]} {[%emt 00:00:21]} Nd4
{[%clk 01:28:54]} {[%emt 00:03:01]} 4. Nxd4 {[%clk 01:30:42]} {[%emt 00:01:29]}
cxd4 {[%clk 01:29:22]} 5. c3 {[%clk 01:29:06]} {[%emt 00:01:48]} a6 {[%clk
01:11:49]} {[%emt 00:18:07]} 6. Be2 {[%clk 01:28:57]} {[%emt 00:00:34]} e5
{[%clk 00:54:37]} {[%emt 00:17:48]} 7. cxd4 {[%clk 01:28:17]} {[%emt 00:01:15]}
exd4 {[%clk 00:52:40]} {[%emt 00:02:16]} 8. d3 {[%clk 01:27:49]} {[%emt
00:01:00]} g6 {[%clk 00:47:52]} {[%emt 00:05:24]} 9. Nd2 {[%clk 01:27:20]}
{[%emt 00:01:01]} Bg7 {[%clk 00:48:12]} {[%emt 00:00:02]} 10. Nc4 {[%clk
01:26:31]} {[%emt 00:01:17]} d5 {[%clk 00:46:17]} {[%emt 00:02:26]} 11. exd5
{[%clk 01:25:29]} {[%emt 00:02:04]} b5 {[%clk 00:46:36]} 12. Nd2 {[%clk
01:24:02]} {[%emt 00:01:35]} Bb7 {[%clk 00:43:41]} {[%emt 00:03:26]} 13. O-O
{[%clk 01:20:25]} {[%emt 00:04:10]} Ne7 {[%clk 00:42:07]} {[%emt 00:02:00]} 14.
Bf3 {[%clk 01:19:44]} {[%emt 00:01:19]} Bxd5 {[%clk 00:37:02]} {[%emt
00:07:59]} 15. Bxd5 {[%clk 01:17:43]} Qxd5 {[%clk 00:31:47]} {[%emt 00:05:49]}
16. Re1 {[%clk 01:17:24]} {[%emt 00:00:43]} Ra7 {[%clk 00:30:54]} {[%emt
00:01:45]} 17. a4 {[%clk 01:14:59]} {[%emt 00:02:35]} O-O {[%clk 00:27:18]}
{[%emt 00:04:28]} 18. axb5 {[%clk 01:10:32]} {[%emt 00:04:58]} Qxb5 {[%clk
00:27:39]} 19. Nc4 {[%clk 01:10:35]} {[%emt 00:00:10]} Nc6 {[%clk 00:27:01]}
{[%emt 00:01:15]} 20. Bf4 {[%clk 01:09:27]} {[%emt 00:01:30]} h6 {[%clk
00:20:54]} {[%emt 00:06:39]} 21. Qd2 {[%clk 01:01:03]} {[%emt 00:08:54]} Kh7
{[%clk 00:19:10]} {[%emt 00:02:40]} 22. Rac1 {[%clk 00:48:33]} {[%emt
00:12:34]} a5 {[%clk 00:16:38]} {[%emt 00:03:02]} 23. Nd6 {[%clk 00:48:21]}
{[%emt 00:00:47]} Qd5 {[%clk 00:16:22]} {[%emt 00:00:42]} 24. Ne8 {[%clk
00:46:57]} {[%emt 00:02:01]} g5 {[%clk 00:14:08]} {[%emt 00:02:35]} 25. Bg3
{[%clk 00:43:38]} {[%emt 00:04:32]} Bh8 {[%clk 00:12:39]} {[%emt 00:01:20]} 26.
h4 {[%clk 00:31:11]} {[%emt 00:12:53]} gxh4 {[%clk 00:08:14]} {[%emt 00:04:56]}
27. Bxh4 {[%clk 00:30:18]} {[%emt 00:01:22]} Ne5 {[%clk 00:06:42]} {[%emt
00:02:06]} 28. Rxe5 {[%clk 00:28:51]} {[%emt 00:01:53]} Bxe5 {[%clk 00:06:12]}
{[%emt 00:01:19]} 29. Nf6+ {[%clk 00:28:48]} {[%emt 00:00:14]} Bxf6 {[%clk
00:06:32]} {[%emt 00:00:36]} 30. Bxf6 {[%clk 00:29:13]} {[%emt 00:00:02]} Rg8
{[%clk 00:05:24]} {[%emt 00:01:15]} 31. g3 {[%clk 00:29:07]} {[%emt 00:00:51]}
a4 {[%clk 00:02:59]} {[%emt 00:03:00]} 32. Qf4 {[%clk 00:22:16]} {[%emt
00:07:00]} a3 {[%clk 00:01:43]} {[%emt 00:02:31]} 33. bxa3 {[%clk 00:22:41]}
Rxa3 {[%clk 00:02:02]} 34. Qxd4 {[%clk 00:22:58]} Qxd4 {[%clk 00:02:20]} {[%emt
00:00:11]} 35. Bxd4 {[%clk 00:23:23]} Rxd3 {[%clk 00:02:46]} 36. Be3 {[%clk
00:23:34]} {[%emt 00:00:13]} Rgd8 {[%clk 00:03:08]} {[%emt 00:00:23]} 37. Kg2
{[%clk 00:23:38]} {[%emt 00:00:25]} Rd1 {[%clk 00:03:11]} {[%emt 00:00:12]} 38.
Rc6 {[%clk 00:23:54]} {[%emt 00:00:16]} R8d6 {[%clk 00:03:31]} {[%emt
00:00:11]} 39. Rc7 {[%clk 00:24:11]} {[%emt 00:00:10]} Kg6 {[%clk 00:03:53]}
{[%emt 00:00:26]} 40. Bf4 {[%clk 00:24:01]} {[%emt 00:00:22]} Re6 {[%clk
00:04:09]} {[%emt 00:00:39]} 41. Rc5 {[%clk 00:22:36]} {[%emt 00:01:31]} Rb1
{[%clk 00:02:45]} {[%emt 00:01:52]} 42. Kh3 {[%clk 00:20:54]} {[%emt 00:02:42]}
Re2 {[%clk 00:02:46]} 43. Be3 {[%clk 00:19:00]} {[%emt 00:02:24]} Rb3 {[%clk
00:01:49]} {[%emt 00:01:26]} 44. Rc6+ {[%clk 00:18:50]} {[%emt 00:00:41]} f6
{[%clk 00:02:17]} {[%emt 00:00:22]} 45. Kg4 {[%clk 00:18:26]} {[%emt 00:00:43]}
Rd3 {[%clk 00:01:58]} {[%emt 00:01:03]} 46. Rc5 {[%clk 00:17:21]} {[%emt
00:01:10]} Rb2 {[%clk 00:02:09]} {[%emt 00:00:44]} 47. Rc4 {[%clk 00:16:06]}
{[%emt 00:01:22]} Rdb3 {[%clk 00:02:04]} {[%emt 00:00:50]} 48. Kf3 {[%clk
00:16:11]} {[%emt 00:00:19]} h5 {[%clk 00:02:20]} {[%emt 00:00:07]} 49. Rc8
{[%clk 00:16:14]} {[%emt 00:00:27]} Rb8 {[%clk 00:02:34]} {[%emt 00:00:20]} 50.
Rc6 {[%clk 00:16:21]} {[%emt 00:00:27]} R2b4 {[%clk 00:02:44]} {[%emt
00:00:10]} 51. Rd6 {[%clk 00:15:49]} {[%emt 00:01:03]} R8b5 {[%clk 00:02:29]}
{[%emt 00:00:45]} 52. Rd8 {[%clk 00:15:56]} {[%emt 00:00:45]} Rf5+ {[%clk
00:01:52]} {[%emt 00:00:44]} 53. Kg2 {[%clk 00:15:57]} {[%emt 00:00:29]} Kf7
{[%clk 00:01:01]} {[%emt 00:02:21]} 54. Rd6 {[%clk 00:15:26]} Rg4 {[%clk
00:01:09]} {[%emt 00:00:23]} 55. Kh3 {[%clk 00:15:21]} {[%emt 00:00:44]} Re4
{[%clk 00:01:16]} {[%emt 00:00:24]} 56. Kg2 {[%clk 00:15:25]} {[%emt 00:00:17]}
h4 {[%clk 00:01:36]} {[%emt 00:00:25]} 57. gxh4 {[%clk 00:15:37]} {[%emt
00:00:05]} Rxh4 {[%clk 00:02:05]} 58. Kg3 {[%clk 00:15:31]} {[%emt 00:00:33]}
Rh8 {[%clk 00:02:10]} {[%emt 00:00:53]} 59. Kg2 {[%clk 00:15:05]} {[%emt
00:00:29]} Rg8+ {[%clk 00:02:29]} {[%emt 00:00:14]} 60. Kf1 {[%clk 00:15:25]}
{[%emt 00:00:16]} Re8 {[%clk 00:02:25]} {[%emt 00:00:26]} 61. Ke2 {[%clk
00:15:08]} {[%emt 00:00:56]} Ra8 {[%clk 00:02:47]} {[%emt 00:00:05]} 62. Rb6
{[%clk 00:14:30]} {[%emt 00:01:12]} Kg6 {[%clk 00:03:14]} {[%emt 00:00:03]} 63.
Rb1 {[%clk 00:14:37]} {[%emt 00:00:52]} Ra2+ {[%clk 00:03:25]} 64. Kd3 {[%clk
00:14:09]} {[%emt 00:00:43]} Rfa5 {[%clk 00:02:40]} {[%emt 00:01:14]} 65. Ke4
{[%clk 00:13:44]} {[%emt 00:01:05]} Ra1 {[%clk 00:02:33]} {[%emt 00:00:28]} 66.
Rb8 {[%clk 00:13:18]} {[%emt 00:00:54]} R1a4+ {[%clk 00:01:57]} {[%emt
00:01:16]} 67. Kf3 {[%clk 00:13:35]} {[%emt 00:00:07]} Kf5 {[%clk 00:02:26]}
{[%emt 00:00:05]} 68. Rh8 {[%clk 00:13:36]} {[%emt 00:00:53]} Ra8 {[%clk
00:02:06]} {[%emt 00:00:29]} 69. Rh5+ {[%clk 00:13:56]} {[%emt 00:00:09]} Ke6
{[%clk 00:02:14]} {[%emt 00:00:13]} 70. Rb5 {[%clk 00:14:18]} {[%emt 00:00:18]}
R8a5 {[%clk 00:02:25]} {[%emt 00:00:44]} 71. Rb8 {[%clk 00:14:23]} {[%emt
00:00:04]} Rf5+ {[%clk 00:01:32]} {[%emt 00:01:10]} 72. Kg2 {[%clk 00:14:43]}
{[%emt 00:00:16]} Rg4+ {[%clk 00:01:24]} {[%emt 00:00:54]} 73. Kf1 {[%clk
00:15:07]} Ra5 {[%clk 00:00:52]} {[%emt 00:00:46]} 74. Re8+ {[%clk 00:15:16]}
{[%emt 00:00:19]} Kf5 {[%clk 00:01:13]} {[%emt 00:00:29]} 75. Rh8 {[%clk
00:15:37]} Ke4 {[%clk 00:01:20]} {[%emt 00:00:14]} 76. Rh3 {[%clk 00:15:22]}
{[%emt 00:00:47]} Ra1+ {[%clk 00:01:23]} {[%emt 00:00:26]} 77. Ke2 {[%clk
00:15:44]} {[%emt 00:00:05]} Ra2+ {[%clk 00:01:27]} {[%emt 00:00:26]} 78. Bd2
{[%clk 00:15:08]} {[%emt 00:01:07]} Ke5 {[%clk 00:01:21]} {[%emt 00:01:23]} 79.
Re3+ {[%clk 00:15:24]} Re4 {[%clk 00:01:31]} 80. Kd3 {[%clk 00:14:27]} {[%emt
00:01:15]} Ra3+ {[%clk 00:00:56]} {[%emt 00:01:02]} 81. Ke2 {[%clk 00:14:43]}
{[%emt 00:00:15]} Rexe3+ {[%clk 00:00:55]} {[%emt 00:00:32]} 82. fxe3 {[%clk
00:15:07]} {[%emt 00:00:10]} Ke4 {[%clk 00:01:15]} {[%emt 00:00:06]} 83. Bc1
{[%clk 00:11:58]} {[%emt 00:03:55]} Ra1 {[%clk 00:01:16]} {[%emt 00:00:13]} 84.
Kd2 {[%clk 00:11:40]} {[%emt 00:00:49]} f5 {[%emt 00:01:33]} 0-1

[Event "Terme Krka OPEN 2018"]
[Site "Otočec, Slovenia"]
[Date "2018.12.25"]
[Round "3.10"]
[White "Stubljar, Andrej"]
[Black "Rozmanec, Pia"]
[Result "1-0"]
[WhiteElo "2036"]
[BlackElo "1543"]

1. e3 {[%clk 01:30:42]} {[%emt 00:00:16]} Nf6 {[%clk 01:30:01]} {[%emt
00:01:02]} 2. d4 {[%clk 01:30:26]} {[%emt 00:00:43]} e6 {[%clk 01:29:51]}
{[%emt 00:00:46]} 3. Nf3 {[%clk 01:30:28]} {[%emt 00:00:29]} c5 {[%clk
01:29:18]} {[%emt 00:01:05]} 4. Be2 {[%clk 01:30:28]} {[%emt 00:00:21]} cxd4
{[%clk 01:28:10]} {[%emt 00:01:50]} 5. exd4 {[%clk 01:30:31]} {[%emt 00:00:29]}
Be7 {[%clk 01:28:23]} {[%emt 00:00:06]} 6. O-O {[%clk 01:30:44]} {[%emt
00:00:20]} O-O {[%clk 01:28:41]} {[%emt 00:00:06]} 7. c4 {[%clk 01:30:57]}
{[%emt 00:00:17]} b6 {[%clk 01:28:50]} {[%emt 00:00:24]} 8. b3 {[%clk
01:27:59]} {[%emt 00:03:27]} Bb7 {[%clk 01:29:04]} {[%emt 00:00:13]} 9. Nc3
{[%clk 01:26:25]} {[%emt 00:02:04]} d5 {[%clk 01:28:04]} {[%emt 00:01:32]} 10.
Bb2 {[%clk 01:23:18]} {[%emt 00:03:38]} Nbd7 {[%clk 01:26:14]} {[%emt
00:02:17]} 11. a4 {[%clk 01:20:35]} {[%emt 00:03:12]} Rc8 {[%clk 01:24:42]}
{[%emt 00:02:19]} 12. Nd2 {[%clk 01:13:29]} {[%emt 00:07:20]} Re8 {[%clk
01:19:17]} {[%emt 00:06:20]} 13. a5 {[%clk 01:11:31]} {[%emt 00:02:03]} Bd6
{[%clk 01:14:37]} {[%emt 00:05:11]} 14. axb6 {[%clk 01:09:46]} {[%emt
00:02:17]} axb6 {[%clk 01:14:36]} {[%emt 00:00:26]} 15. Ra7 {[%clk 01:03:52]}
{[%emt 00:06:25]} Bc6 {[%clk 01:14:33]} {[%emt 00:00:33]} 16. Bf3 {[%clk
00:59:30]} {[%emt 00:04:51]} Bb8 {[%clk 01:13:53]} {[%emt 00:01:11]} 17. Ra2
{[%clk 00:58:53]} {[%emt 00:01:07]} dxc4 {[%clk 01:08:09]} {[%emt 00:06:15]} 18.
Bxc6 {[%clk 00:54:20]} {[%emt 00:05:01]} Rxc6 {[%clk 01:08:24]} {[%emt
00:00:16]} 19. bxc4 {[%clk 00:53:00]} {[%emt 00:01:52]} Qc7 {[%clk 01:06:54]}
{[%emt 00:02:01]} 20. g3 {[%clk 00:53:06]} {[%emt 00:01:56]} Qb7 {[%clk
01:02:30]} {[%emt 00:03:17]} 21. Qf3 {[%clk 00:49:50]} {[%emt 00:03:47]} Rc7
{[%clk 01:01:54]} {[%emt 00:01:05]} 22. Qe2 {[%clk 00:49:23]} {[%emt 00:00:56]}
Nf8 {[%clk 01:00:36]} {[%emt 00:01:54]} 23. Rb1 {[%clk 00:46:38]} {[%emt
00:03:08]} Rcc8 {[%clk 00:58:32]} {[%emt 00:02:36]} 24. Ba3 {[%clk 00:44:59]}
{[%emt 00:02:11]} Bc7 {[%clk 00:58:32]} {[%emt 00:00:28]} 25. Nb5 {[%clk
00:42:29]} {[%emt 00:03:03]} N8d7 {[%clk 00:57:41]} {[%emt 00:01:18]} 26. Nc3
{[%clk 00:41:46]} {[%emt 00:01:24]} Rb8 {[%clk 00:57:04]} {[%emt 00:00:56]} 27.
Nb5 {[%clk 00:40:40]} {[%emt 00:01:37]} Red8 {[%clk 00:54:28]} {[%emt
00:03:06]} 28. Be7 {[%clk 00:40:43]} {[%emt 00:00:49]} Ra8 {[%clk 00:48:54]}
{[%emt 00:05:44]} 29. Bxd8 {[%clk 00:38:41]} {[%emt 00:02:31]} Rxa2 {[%clk
00:48:32]} {[%emt 00:00:50]} 30. Bxc7 {[%clk 00:37:58]} {[%emt 00:01:13]} Ne8
{[%clk 00:48:33]} {[%emt 00:00:29]} 31. Bf4 {[%clk 00:37:05]} {[%emt 00:01:23]}
g6 {[%clk 00:46:55]} {[%emt 00:02:09]} 32. Qd3 {[%clk 00:34:09]} {[%emt
00:03:34]} Ng7 {[%clk 00:46:55]} {[%emt 00:00:22]} 33. Qf3 {[%clk 00:30:06]}
{[%emt 00:04:34]} Qa6 {[%clk 00:45:32]} {[%emt 00:01:51]} 34. Ne4 {[%clk
00:27:51]} {[%emt 00:02:45]} Nf5 {[%clk 00:45:38]} {[%emt 00:00:44]} 35. g4
{[%clk 00:26:17]} {[%emt 00:01:55]} Ra1 {[%clk 00:43:28]} {[%emt 00:02:29]} 36.
Qd1 {[%clk 00:24:45]} {[%emt 00:02:04]} Rxb1 {[%clk 00:42:59]} {[%emt
00:00:58]} 37. Qxb1 {[%clk 00:25:03]} {[%emt 00:00:33]} Ng7 {[%clk 00:42:46]}
{[%emt 00:00:24]} 38. Ned6 {[%clk 00:22:01]} {[%emt 00:03:27]} Qa4 {[%clk
00:42:16]} {[%emt 00:01:01]} 39. Bh6 {[%clk 00:19:48]} {[%emt 00:02:47]} Nf6
{[%clk 00:41:27]} {[%emt 00:01:15]} 40. h3 {[%clk 00:19:12]} {[%emt 00:01:06]}
Qa8 {[%clk 00:41:26]} {[%emt 00:00:37]} 41. Qd3 {[%clk 00:17:34]} {[%emt
00:02:27]} Qa1+ {[%clk 00:41:07]} {[%emt 00:00:25]} 42. Kg2 {[%clk 00:17:27]}
{[%emt 00:01:02]} Qa8+ {[%clk 00:41:30]} 43. Qf3 {[%clk 00:17:17]} {[%emt
00:00:23]} 1-0

[Event "Terme Krka OPEN 2018"]
[Site "Otočec, Slovenia"]
[Date "2018.12.25"]
[Round "3.12"]
[White "Kaluza, Dominik"]
[Black "Janko, Roman"]
[Result "1-0"]
[WhiteElo "1523"]
[BlackElo "1876"]

1. d4 {[%clk 01:30:57]} {[%emt 00:00:39]} d5 {[%clk 01:30:43]} {[%emt
00:00:04]} 2. Bf4 {[%clk 01:31:03]} {[%emt 00:00:05]} Nf6 {[%clk 01:29:21]}
{[%emt 00:02:02]} 3. e3 {[%clk 01:31:00]} {[%emt 00:00:58]} e6 {[%clk
01:28:41]} {[%emt 00:00:32]} 4. Nf3 {[%clk 01:29:16]} {[%emt 00:02:17]} Nbd7
{[%clk 01:27:42]} {[%emt 00:01:25]} 5. Nbd2 {[%clk 01:29:00]} {[%emt 00:00:46]}
a6 {[%clk 01:25:41]} {[%emt 00:02:31]} 6. Bd3 {[%clk 01:26:54]} {[%emt
00:02:35]} c5 {[%clk 01:25:22]} {[%emt 00:00:52]} 7. c3 {[%clk 01:24:50]}
{[%emt 00:02:31]} b6 {[%clk 01:21:28]} {[%emt 00:04:24]} 8. h3 {[%clk
01:23:40]} {[%emt 00:01:43]} Bb7 {[%clk 01:21:22]} {[%emt 00:00:54]} 9. O-O
{[%clk 01:22:17]} {[%emt 00:02:19]} Be7 {[%clk 01:19:15]} {[%emt 00:01:54]} 10.
Ne5 {[%clk 01:20:08]} {[%emt 00:02:36]} O-O {[%clk 01:15:55]} {[%emt 00:03:59]}
11. Re1 {[%clk 01:19:08]} {[%emt 00:01:23]} Ne4 {[%clk 01:13:00]} {[%emt
00:03:31]} 12. Qc2 {[%clk 01:14:19]} {[%emt 00:05:09]} f5 {[%clk 01:11:27]}
{[%emt 00:02:18]} 13. Nxe4 {[%clk 01:13:55]} {[%emt 00:00:40]} fxe4 {[%clk
01:10:19]} {[%emt 00:01:40]} 14. Be2 {[%clk 01:12:47]} {[%emt 00:01:36]} Nxe5
{[%clk 01:04:59]} {[%emt 00:06:03]} 15. Bxe5 {[%clk 01:12:31]} {[%emt
00:00:35]} Bf6 {[%clk 01:00:29]} {[%emt 00:05:06]} 16. Bg3 {[%clk 01:11:48]}
{[%emt 00:01:05]} Rc8 {[%clk 01:00:03]} {[%emt 00:00:57]} 17. Bg4 {[%clk
01:10:15]} {[%emt 00:02:17]} Rc6 {[%clk 00:56:29]} {[%emt 00:03:52]} 18. Qe2
{[%clk 01:08:37]} {[%emt 00:02:08]} g6 {[%clk 00:55:54]} {[%emt 00:01:03]} 19.
Qd2 {[%clk 01:02:13]} {[%emt 00:06:53]} Kg7 {[%clk 00:54:27]} {[%emt 00:01:58]}
20. Rac1 {[%clk 01:00:02]} {[%emt 00:02:45]} h6 {[%clk 00:49:36]} {[%emt
00:05:16]} 21. Qd1 {[%clk 00:52:17]} {[%emt 00:08:15]} Bh4 {[%clk 00:46:13]}
{[%emt 00:04:21]} 22. Be5+ {[%clk 00:51:54]} {[%emt 00:00:25]} Kh7 {[%clk
00:46:02]} {[%emt 00:00:50]} 23. Rf1 {[%clk 00:52:03]} {[%emt 00:00:13]} Qe7
{[%clk 00:42:13]} {[%emt 00:04:17]} 24. Qd2 {[%clk 00:51:31]} {[%emt 00:01:05]}
Rf7 {[%clk 00:40:23]} {[%emt 00:02:42]} 25. Qd1 {[%clk 00:46:20]} {[%emt
00:05:44]} Qf8 {[%clk 00:37:15]} {[%emt 00:03:29]} 26. Qd2 {[%clk 00:46:31]} a5
{[%clk 00:35:28]} {[%emt 00:02:18]} 27. g3 {[%clk 00:40:52]} {[%emt 00:06:08]}
Bg5 {[%clk 00:34:29]} {[%emt 00:01:29]} 28. Be2 {[%clk 00:40:02]} {[%emt
00:01:20]} c4 {[%clk 00:33:10]} {[%emt 00:02:30]} 29. Bg4 {[%clk 00:39:42]}
{[%emt 00:00:28]} b5 {[%clk 00:32:48]} {[%emt 00:01:43]} 30. a3 {[%clk
00:39:12]} Ba6 {[%clk 00:32:13]} {[%emt 00:00:55]} 31. Be2 {[%clk 00:38:07]}
{[%emt 00:01:35]} Rb6 {[%clk 00:28:34]} {[%emt 00:04:10]} 32. Ra1 {[%clk
00:37:35]} {[%emt 00:01:03]} Bc8 {[%clk 00:27:21]} {[%emt 00:01:43]} 33. Kg2
{[%clk 00:35:52]} {[%emt 00:02:11]} Bd7 {[%clk 00:25:28]} {[%emt 00:02:35]} 34.
Bg4 {[%clk 00:33:24]} {[%emt 00:02:45]} h5 {[%clk 00:25:04]} {[%emt 00:00:57]}
35. Be2 {[%clk 00:33:47]} {[%emt 00:00:04]} Bc6 {[%clk 00:24:54]} {[%emt
00:00:43]} 36. Bd1 {[%clk 00:33:20]} {[%emt 00:01:38]} Bh6 {[%clk 00:23:36]}
{[%emt 00:01:29]} 37. g4 {[%clk 00:32:59]} {[%emt 00:01:39]} h4 {[%clk
00:22:59]} 38. Kg1 {[%clk 00:30:30]} {[%emt 00:03:17]} Bg5 {[%clk 00:21:35]}
{[%emt 00:01:45]} 39. Kg2 {[%clk 00:30:46]} Rfb7 {[%clk 00:19:08]} {[%emt
00:03:37]} 40. Ra2 {[%clk 00:29:33]} {[%emt 00:01:09]} b4 {[%clk 00:18:55]}
{[%emt 00:00:38]} 41. cxb4 {[%clk 00:29:53]} {[%emt 00:00:26]} axb4 {[%clk
00:19:13]} {[%emt 00:00:03]} 42. axb4 {[%clk 00:30:20]} Rxb4 {[%clk 00:19:22]}
{[%emt 00:00:13]} 43. Be2 {[%clk 00:30:11]} {[%emt 00:00:51]} Ba4 {[%clk
00:18:15]} {[%emt 00:01:28]} 44. Rfa1 {[%clk 00:30:13]} {[%emt 00:00:28]} Be8
{[%clk 00:17:21]} {[%emt 00:01:26]} 45. Ra7 {[%clk 00:28:40]} {[%emt 00:02:11]}
Bf6 {[%clk 00:12:44]} {[%emt 00:05:11]} 46. Bxf6 {[%clk 00:28:34]} {[%emt
00:00:47]} Qf7 {[%clk 00:10:45]} {[%emt 00:02:02]} 47. Qxb4 {[%clk 00:25:38]}
{[%emt 00:03:58]} Rxa7 {[%clk 00:09:37]} {[%emt 00:01:21]} 48. Rxa7 {[%clk
00:25:55]} {[%emt 00:00:05]} Qxa7 {[%clk 00:10:06]} 49. Qf8 {[%clk 00:25:01]}
{[%emt 00:01:19]} 1-0